La aptitud agrícola de los suelos. La pedología aplicada a las actividades agropecuarias

Guardat en:
Dades bibliogràfiques
Autor principal: Gallegos del Tejo, Arturo (Autor)
Format: Llibre
Idioma:espanyol
Publicat: Ciudad de México Trillas 1997
Edició:1a. ed
Matèries:
Etiquetes: Afegir etiqueta
Sense etiquetes, Sigues el primer a etiquetar aquest registre!

MARC

LEADER 00000nam a2200000 a 4500
001 UCI5318
003 CL-VaPUC
008 080320e19970000MX |||||||||||||||||spa|d
020 |a 9682454344 
082 0 4 |a 631.42  |b GAL  |2 21 
100 0 |a Gallegos del Tejo, Arturo  |e author  |9 527622 
245 1 3 |a La aptitud agrícola de los suelos. La pedología aplicada a las actividades agropecuarias 
250 |a 1a. ed 
300 |a 207 p 
942 |c BK 
945 |d 20080320 00:00:00  |a rbrito 
260 |a Ciudad de México  |b Trillas  |c 1997 
650 7 |a EDAFOLOGIA  |2 CL-VaPUC  |9 527623 
650 0 |a Análisis de suelos   |9 524831 
650 0 |a Suelos  |9 260322 
650 0 |a Química del suelo  |9 360372 
650 0 |a Fertilidad del agua   |9 264571 
583 |a last modification  |c 20080320 00:00:00  |k Rodrigo Vera 
999 |c 329071  |d 329069 
952 |0 0  |1 0  |4 0  |6 631_420000000000000_GAL_1997  |7 0  |8 A  |9 413391  |a BIBAGR  |b BIBAGR  |d 2019-11-22  |i 4414756  |o 631.42 GAL 1997  |p 4414756  |r 2025-01-20  |w 2019-11-22  |y BK  |k AGR